[Event "La Coruna op 10th"]
[Site "La Coruna"]
[Date "1999.??.??"]
[Round "2"]
[White "Cruz, Dan"]
[Black "Suba, Mihai"]
[Result "0-1"]
[WhiteElo "2125"]
[BlackElo "2505"]

1.Nf3 c5 2.c4 Nf6 3.Nc3 e6 4.g3 b6 5.Bg2 Bb7 6.O-O a6 7.b3 Be7 8.Bb2 O-O
9.d4 cxd4 10.Qxd4 d6 11.Rfd1 Nbd7 12.Rac1 Rc8 13.Ng5 Bxg2 14.Kxg2 Qc7 15.Nge4 Qb7
16.Kg1 Ne8 17.Ba3 Rc6 18.e3 Ne5 19.Nd2 b5 20.cxb5 axb5 21.Bb4 Bf6 22.Qe4 d5
23.Qb1 Nd6 24.Ne2 Ra8 25.Rxc6 Qxc6 26.Nd4 Qa6 27.Bxd6 Qxd6 28.Nxb5 Qb4 29.a4 h5
30.Nd4 g5 31.N2f3 Nxf3+ 32.Nxf3 Rb8 33.Rd3 Qxa4 34.Qd1 Qg4 35.Kg2 Qe4 36.Kg1 g4
37.Nd4 h4 38.gxh4 Kg7 39.h5 Ra8 40.b4 Rh8 41.b5 Rxh5 42.Nc6 Be5 43.Nxe5 Qxe5
44.Kf1 Rxh2 45.Qxg4+ Kh7 46.Qf3 f5 47.b6 Qa1+ 48.Rd1 Qa6+ 49.Kg1 Rh6 50.Rb1 Qd3
51.Rc1 Qa6 52.Rc7+ Kh8 53.Qd1 e5 54.Qc1 Rg6+ 55.Kh2 Qxb6 56.Rc8+ Kg7 57.Qc7+ Qxc7
58.Rxc7+ Kf6 59.Rc6+ Kf7 60.Rc7+ Ke8 61.Rc5 Rd6 62.Kg3 Ke7 63.Kf3 Kf6 64.Ke2 Kg5
65.Rc1 f4 66.Rd1 Kf5 67.Ra1 Rb6 68.Ra2 e4 69.exf4 Kxf4 70.Rd2 Rb5 71.Ra2 d4
72.Ra8 d3+ 73.Ke1 Rb1+ 74.Kd2 Kf3 75.Rf8+ Kg2 76.Rf4 Rb2+ 77.Kd1 Re2 78.Kc1 Kg1
79.Kd1 Kf1  0-1

[Event "Lenk op"]
[Site "Lenk"]
[Date "1999.??.??"]
[Round "3"]
[White "Mikhalchishin, Adrian"]
[Black "Wendt, Rene"]
[Result "1/2-1/2"]
[WhiteElo "2542"]
[BlackElo "2335"]

1.Nf3 c5 2.c4 Nf6 3.Nc3 g6 4.d4 cxd4 5.Nxd4 Bg7 6.g3 O-O 7.Bg2 Nc6 8.O-O d6
9.Nc2 h5 10.h3 Be6 11.Ne3 Qd7 12.Kh2 Rac8 13.Bd2 Nd4 14.b3 b5 15.Ncd5 bxc4
16.bxc4 Bxd5 17.cxd5 Qb5 18.Rb1 Qa6 19.Rb4 Nxe2 20.Ra4 Qd3 21.Rxa7 Ra8 22.Rxe7 Rxa2
23.Bb4 Qxd1 24.Rxd1 Rd8 25.Nc4 Bf8 26.Rb7 h4 27.gxh4 Nf4 28.Bf3 Rxf2+ 29.Kg3 Rc2
30.Kxf4 Rxc4+ 31.Kg3 Bh6 32.Bd2 Bxd2 33.Rxd2  1/2-1/2

[Event "Lenk op"]
[Site "Lenk"]
[Date "1999.??.??"]
[Round "3"]
[White "Gheorghiu, Florin"]
[Black "Erdelyi, Tamas"]
[Result "1-0"]
[WhiteElo "2450"]
[BlackElo "2324"]

1.Nf3 Nf6 2.c4 c5 3.Nc3 b6 4.e4 d6 5.d4 cxd4 6.Nxd4 Bb7 7.f3 e6 8.Be2 Be7
9.Be3 a6 10.O-O Qc7 11.Rc1 Nbd7 12.b4 Rc8 13.Nb3 Qb8 14.a4 d5 15.cxd5 exd5
16.Nxd5 Nxd5 17.Rxc8+ Qxc8 18.exd5 Bxb4 19.Qd4 Qc3 20.Qe4+ Qe5 21.Qxe5+ Nxe5
22.Bxb6 Bxd5 23.Bxa6 Bxb3 24.Rb1 Bxa4 25.Rxb4 Nd7 26.Re4+ Kf8 27.Bc7  1-0

[Event "Lenk op"]
[Site "Lenk"]
[Date "1999.??.??"]
[Round "4"]
[White "Gheorghiu, Florin"]
[Black "Tukmakov, Vladimir B"]
[Result "1/2-1/2"]
[WhiteElo "2450"]
[BlackElo "2581"]

1.Nf3 Nf6 2.c4 c5 3.Nc3 d5 4.cxd5 Nxd5 5.g3 Nc6 6.Bg2 Nc7 7.d3 e5 8.Nd2 Bd7
9.Nc4 b5 10.Ne3 Rb8 11.O-O Be7 12.Ned5 Nxd5 13.Nxd5 O-O 14.Nxe7+ Qxe7 15.Be3 Nd4
16.Qd2 Rfc8 17.Rac1 Be6 18.Bxd4 exd4 19.b3 Qd6 20.Rc2 c4  1/2-1/2

[Event "Mancha Real-B 2nd"]
[Site "Mancha Real"]
[Date "1999.??.??"]
[Round "3"]
[White "Fernandez Barrera, Francisco J"]
[Black "Ruiz Jimenez, Francisco"]
[Result "1-0"]
[WhiteElo "2345"]
[BlackElo "2010"]

1.Nf3 Nf6 2.c4 g6 3.Nc3 c5 4.d4 cxd4 5.Nxd4 Nc6 6.Nc2 Bg7 7.g3 O-O 8.Bg2 d6
9.O-O Be6 10.b3 Ne4 11.Nxe4 Bxa1 12.Nxa1 Qd7 13.c5 Bh3 14.cxd6 Bxg2 15.Kxg2 Qf5
16.f3 exd6 17.Bb2 f6 18.Nc2 Ne5 19.Qd5+ Kh8 20.Ne3 Qh5 21.g4 Qh6 22.g5 Qh4
23.gxf6 Qf4 24.Qxd6  1-0

[Event "Mendrisio op"]
[Site "Mendrisio"]
[Date "1999.??.??"]
[Round "6"]
[White "Tukmakov, Vladimir B"]
[Black "Cebalo, Miso"]
[Result "1/2-1/2"]
[WhiteElo "2581"]
[BlackElo "2511"]

1.Nf3 c5 2.c4 Nf6 3.Nc3 g6 4.e4 d6 5.d4 cxd4 6.Nxd4 Nc6 7.Be2 Nxd4 8.Qxd4 Bg7
9.Be3 O-O 10.Qd2 Be6 11.O-O Qa5 12.f3 Rfc8 13.Rfc1 h5 14.Rab1 Qd8 15.Nb5 a6
16.Nd4 Bd7 17.b4 b6 18.Nb3 a5 19.a3 axb4 20.axb4 Ra3 21.Bf1 Kh7 22.Qf2 Rb8
23.Rd1 Ba4 24.Rd3 Rxb3 25.Rbxb3 Bxb3 26.Rxb3 Nd7 27.Ra3 Ra8 28.Qa2 Rxa3 29.Qxa3 Qh8
30.Qd3 Bc3 31.Qd5 Qf6 32.Bf2 Nf8 33.Bxb6 Bxb4 34.e5 Qxe5  1/2-1/2

[Event "Miskolc Avas op"]
[Site "Miskolc"]
[Date "1999.??.??"]
[Round "4"]
[White "Pikovszki, Janos"]
[Black "Fekete, Lorand"]
[Result "1-0"]
[WhiteElo "2000"]
[BlackElo "2000"]

1.c4 c5 2.Nf3 Nf6 3.Nc3 e6 4.g3 d5 5.cxd5 exd5 6.d4 Nc6 7.e3 Bf5 8.a3 Rc8
9.Bg2 cxd4 10.Nxd4 Be6 11.O-O Be7 12.Qa4 Qb6 13.Qb5 Qxb5 14.Ncxb5 O-O 15.Bd2 a6
16.Nxc6 bxc6 17.Nc3 Nd7 18.Ne2 Bg4 19.f3 Be6 20.Rac1 Nb6 21.Kf2 Nc4 22.Bc3 Rb8
23.Rc2 c5 24.Rd1 Rfd8 25.Nf4 g5 26.Nh5 Nxe3 27.Kxe3 d4+ 28.Bxd4 cxd4+ 29.Rxd4 Rb3+
30.Rc3 Rxd4 31.Rxb3 Rd8 32.Rc3 f5 33.f4 g4 34.h3 Bf7 35.hxg4 fxg4 36.Rc7 Re8
37.Bc6 Bc5+ 38.Kd3 Re3+ 39.Kd2 Kf8 40.Nf6 Bd4 41.Nd7+ Kg8 42.Nf6+ Kg7 43.Nxg4 Rxg3
44.Ne5 Bxe5 45.fxe5 Kf8 46.Ra7 Rb3 47.Rxf7+  1-0

[Event "Naantali op"]
[Site "Naantali"]
[Date "1999.??.??"]
[Round "5"]
[White "Linqvist, Grels"]
[Black "Nyysti, Sampsa"]
[Result "0-1"]
[WhiteElo "2150"]
[BlackElo "2178"]

1.c4 c5 2.Nc3 Nf6 3.Nf3 d5 4.cxd5 Nxd5 5.g3 Nc6 6.Bg2 Nc7 7.d3 e5 8.O-O Be7
9.Nd2 Bd7 10.Nc4 O-O 11.a4 Rb8 12.f4 exf4 13.Bxf4 Nd4 14.Bxc7 Qxc7 15.Nd5 Qd8
16.Nxe7+ Qxe7 17.e3 Nc6 18.b3 Ne5 19.Qe2 Rfd8 20.Be4 Bg4 21.Qc2 Qg5 22.Nxe5 Qxe5
23.Bxh7+ Kh8 24.Be4 f5 25.Bg2 Qxe3+ 26.Kh1 Rxd3 27.Rae1 Qd4 28.Rf4 Qd6 29.Qb1 Rd8
30.Bxb7 Qb6 31.Bg2 Rd1  0-1

[Event "RUS-ch sf"]
[Site "Novosibirsk"]
[Date "1999.??.??"]
[Round "4"]
[White "Iskusnyh, Sergei"]
[Black "Kabanov, Dmitry"]
[Result "0-1"]
[WhiteElo "2486"]
[BlackElo "2236"]

1.Nf3 Nf6 2.c4 c5 3.Nc3 e6 4.g3 b6 5.Bg2 Bb7 6.O-O Be7 7.Re1 d6 8.e4 Nbd7
9.d4 cxd4 10.Nxd4 Qb8 11.f4 O-O 12.g4 g6 13.f5 e5 14.Nc2 Rc8 15.Ne3 g5 16.h4 h6
17.hxg5 hxg5 18.b3 a6 19.a4 b5 20.Ra2 b4 21.Ncd5 Nxd5 22.exd5 f6 23.a5 Nc5
24.Bd2 Nd3 25.Rf1 Qa7 26.Qf3 Rab8 27.Kh2 Kg7 28.Nc2 Rh8+ 29.Kg3 Nf4 30.Be3 Qa8
31.Nxb4 Bxd5 32.Nxd5 Rxb3 33.Nxe7 e4 34.Qf2 Qa7 35.Re1 Qxe7 36.Qf1 Qe5 37.Kf2 Nxg2
38.Rb1 Nxe3  0-1

[Event "RUS-ch sf"]
[Site "Novosibirsk"]
[Date "1999.??.??"]
[Round "4"]
[White "Popov, Roman"]
[Black "Kravtsov, Sergey"]
[Result "0-1"]
[WhiteElo "2470"]
[BlackElo "2438"]

1.Nf3 Nf6 2.c4 c5 3.Nc3 e6 4.g3 Nc6 5.Bg2 d5 6.cxd5 exd5 7.d4 Be7 8.O-O O-O
9.Bg5 Be6 10.Rc1 cxd4 11.Nxd4 h6 12.Bf4 Qd7 13.Nxe6 fxe6 14.Qd3 Rad8 15.Rcd1 a6
16.Bh3 Bc5 17.e4 Qf7 18.exd5 exd5 19.Bg2 Kh8 20.h4 Nh5 21.Ne2 Nb4 22.Qc3 Rc8
23.Be3 Be7 24.Qb3 Rcd8 25.a3 Nc6 26.Bxd5 Qe8 27.Qxb7 Ne5 28.Bg2 Rb8 29.Qe4 Bf6
30.b4 Rc8 31.Rc1 Rb8 32.Nc3 Qf7 33.Nd5 Rbe8 34.Rc7 Qe6 35.Bxh6 Bd8 36.Bg5 Qd6
37.Bxd8 Nf3+ 38.Bxf3 Rxe4 39.Bxe4 Nxg3 40.Be7 Ne2+ 41.Kh1 Qe6 42.Bg2 Rf3
43.Kh2 Qe5+ 44.Kh1 Qxd5 45.Rc8+ Kh7 46.Kh2 Qe5+ 47.Kh1 Qe6  0-1

[Event "RUS-ch sf"]
[Site "Novosibirsk"]
[Date "1999.??.??"]
[Round "9"]
[White "Erikalov, A."]
[Black "Bayev, Alexander"]
[Result "1-0"]
[WhiteElo "2438"]
[BlackElo "2409"]

1.Nf3 Nf6 2.c4 e6 3.Nc3 c5 4.e4 Nc6 5.Be2 d5 6.cxd5 exd5 7.d3 Be7 8.O-O O-O
9.h3 h6 10.Bf4 Be6 11.e5 Nd7 12.d4 c4 13.b3 Bb4 14.Bd2 Qa5 15.Qe1 b5 16.a3 Bxc3
17.Bxc3 Qb6 18.Rb1 Qa6 19.a4 bxa4 20.bxc4 dxc4 21.Nd2 Nb6 22.Ne4 Bf5 23.Bf3 Rab8
24.Ra1 Ne7 25.Bb4 Nbd5 26.Bd6 Rb3 27.Nc5 Qb5 28.Bxd5 Nxd5 29.Bxf8 Kxf8 30.e6 fxe6
31.g4 Bg6 32.Qxe6 Bf7 33.Qd6+ Kg8 34.Rxa4 Rxh3 35.Rxa7 c3 36.Re1 Nf6 37.Rxf7 Kxf7
38.Qe6+ Kg6 39.Qf5+ Kf7 40.g5 Rh5 41.g6+  1-0

[Event "RUS-ch sf"]
[Site "Novosibirsk"]
[Date "1999.??.??"]
[Round "9"]
[White "Tolstikh, Nikolay"]
[Black "Ivanov, Timur"]
[Result "0-1"]
[WhiteElo "2405"]
[BlackElo "2390"]

1.Nf3 c5 2.c4 Nf6 3.Nc3 b6 4.g3 Bb7 5.Bg2 g6 6.O-O Bg7 7.Re1 Ne4 8.Qc2 Nxc3
9.dxc3 d6 10.h4 h5 11.Bg5 Nd7 12.e4 Qc7 13.Rad1 Ne5 14.b3 O-O 15.Nh2 Rfe8
16.Qd2 Rad8 17.Bh6 Bc8 18.Bxg7 Kxg7 19.Qe2 Ng4 20.Nf1 Nf6 21.Rd2 Bg4 22.f3 Bc8
23.Red1 Kg8 24.Kh2 a6 25.Ne3 Bb7 26.Bh3 e6 27.Rd3 Rd7 28.Qd2 Red8 29.Ng2 Ne8
30.Qh6 Re7 31.Nf4 b5 32.Bxe6 Rxe6 33.Nxe6 fxe6 34.Qxg6+ Ng7 35.Qg5 bxc4 36.bxc4 Bc6
37.Qf4 Ba4 38.R1d2 Rf8 39.Qg5 Qf7 40.f4 Qb7 41.Re3 Bc6 42.Rde2 Kh7 43.Kg1 a5
44.Kf2 a4 45.Rd3 Bxe4 46.Rxd6 Bf5 47.Red2 Rf7 48.Rd8 Bg4 49.Kg1 Rf5  0-1

[Event "GER-ch U16"]
[Site "Oberhof"]
[Date "1999.??.??"]
[Round "?"]
[White "Seel, Christian"]
[Black "Ortmann, David"]
[Result "1/2-1/2"]
[WhiteElo "2000"]
[BlackElo "2135"]

1.Nf3 Nf6 2.c4 c5 3.Nc3 e6 4.g3 b6 5.Bg2 Bb7 6.O-O Be7 7.Re1 d6 8.e4 a6 9.d4 cxd4
10.Nxd4 Qc7 11.Be3 Nbd7 12.Rc1 Rc8 13.f4 Qb8 14.Qe2 O-O 15.f5 e5 16.Nc2 Rfd8
17.Bf2 Bc6 18.g4 b5 19.b3 bxc4 20.bxc4 Qb2 21.Ne3 Qxe2 22.Rxe2 Nc5 23.Ned5 Bxd5
24.Nxd5 Nxd5 25.cxd5 Nd3 26.Rb1 Rb8 27.Rd1 Nxf2 28.Kxf2 Rdc8  1/2-1/2

[Event "Presov op"]
[Site "Presov"]
[Date "1999.??.??"]
[Round "9"]
[White "Marek, Stanislav"]
[Black "Hlas, Jan"]
[Result "1-0"]
[WhiteElo "2218"]
[BlackElo "2118"]

1.c4 Nf6 2.Nc3 c5 3.Nf3 d5 4.cxd5 Nxd5 5.e4 Nxc3 6.dxc3 Qxd1+ 7.Kxd1 b6 8.a4 Nc6
9.Bb5 Bd7 10.Kc2 a6 11.Be2 Bg4 12.h3 Bxf3 13.gxf3 Ne5 14.f4 Nd7 15.Rd1 e6
16.Be3 Nf6 17.Bf3 Rd8 18.c4 a5 19.e5 Nd7 20.Bc6 Ke7 21.Rd6 Nxe5 22.fxe5 Rxd6
23.exd6+ Kxd6 24.Bb5 e5 25.Rd1+ Ke6 26.Rd8  1-0

[Event "Itau Mercosul Cup 3rd"]
[Site "Sao Paulo"]
[Date "1999.??.??"]
[Round "8"]
[White "Disconzi da Silva, Rodrigo"]
[Black "Rocha, Wellington Carlos"]
[Result "1/2-1/2"]
[WhiteElo "2336"]
[BlackElo "2361"]

1.Nf3 Nf6 2.c4 c5 3.Nc3 e6 4.g3 Nc6 5.Bg2 d5 6.cxd5 exd5 7.d4 Be7 8.O-O O-O
9.b3 Bg4 10.dxc5 Bxc5 11.Bb2 Rc8 12.Na4 Be7 13.Rc1 Re8 14.Qd3 Qd7 15.Nd4 Nxd4
16.Bxd4 Rxc1 17.Rxc1 Ba3 18.Re1 Bf5 19.Qd1 Bb4 20.Rf1 b6 21.Nc3  1/2-1/2

[Event "Staufer-Open 11th"]
[Site "Schwaebisch Gmuend"]
[Date "1999.??.??"]
[Round "4"]
[White "Prusikin, Mikhajlo"]
[Black "Schnepp, Gunnar"]
[Result "1-0"]
[WhiteElo "2475"]
[BlackElo "2265"]

1.c4 Nf6 2.Nc3 c5 3.Nf3 e6 4.e3 b6 5.d4 Bb7 6.d5 exd5 7.cxd5 a6 8.a4 d6 9.e4 g6
10.Bd3 Bg7 11.O-O O-O 12.h3 Re8 13.Re1 Qc7 14.Bf4 c4 15.Bf1 Qc5 16.Qd4 Qxd4
17.Nxd4 Nh5 18.Be3 Rc8 19.Rac1 Nd7 20.Nc6 Bxc6 21.dxc6 Rxc6 22.Nd5 Re8 23.Rxc4 Rxc4
24.Bxc4 Rxe4 25.b3 Nhf6 26.Rd1 Nxd5 27.Rxd5 Be5 28.Bxa6 Nc5 29.Bd3 Rb4 30.Bxc5 bxc5
31.Bc4 Kf8 32.a5 Ke7 33.a6 Rb8 34.Rxe5+  1-0

[Event "Staufer-Open 11th"]
[Site "Schwaebisch Gmuend"]
[Date "1999.??.??"]
[Round "4"]
[White "Ramin, Michael"]
[Black "Weiss, Andreas"]
[Result "1/2-1/2"]
[WhiteElo "1847"]
[BlackElo "2185"]

1.Nf3 Nf6 2.c4 c5 3.Nc3 b6 4.g3 Bb7 5.Bg2 e6 6.O-O Be7 7.d4 cxd4 8.Nxd4 Bxg2
9.Kxg2 a6 10.Qd3 O-O 11.Rd1 d6 12.Qf3 Ra7 13.b3 Qc7 14.Bb2 Rc8 15.Rac1 Qb7
16.Qxb7 Rxb7 17.e4 Nbd7 18.f3 g5 19.h3 h6  1/2-1/2

[Event "Staufer-Open 11th"]
[Site "Schwaebisch Gmuend"]
[Date "1999.??.??"]
[Round "6"]
[White "Zeller, Frank"]
[Black "Link, Michael"]
[Result "1-0"]
[WhiteElo "2445"]
[BlackElo "2270"]

1.Nf3 Nf6 2.c4 c5 3.Nc3 b6 4.e4 d6 5.d4 cxd4 6.Nxd4 Bb7 7.Bd3 g6 8.O-O Bg7
9.Re1 O-O 10.Bf1 Nbd7 11.Bg5 h6 12.Bh4 a6 13.Qd2 Rc8 14.Rad1 Re8 15.f3 Kh7
16.Kh1 Qc7 17.Nd5 Qb8 18.Nc2 Bc6 19.Ncb4 Bb7 20.b3 a5 21.Nc2 Ba8 22.Nd4  1-0

[Event "Sportland-NRW-Cup"]
[Site "Senden"]
[Date "1999.??.??"]
[Round "4"]
[White "Kipper, Jens"]
[Black "Caravan, Mariana"]
[Result "1-0"]
[WhiteElo "2265"]
[BlackElo "2125"]

1.Nf3 c5 2.c4 Nf6 3.Nc3 e6 4.e4 d6 5.d4 cxd4 6.Nxd4 b6 7.Be3 Bb7 8.f3 a6
9.Qd2 Nbd7 10.Be2 Be7 11.O-O O-O 12.g4 Ne5 13.Rac1 Rc8 14.b3 Nfd7 15.f4 Nc6
16.Bf3 Nxd4 17.Bxd4 e5 18.Be3 exf4 19.Bxf4 Ne5 20.Be2 Qe8 21.Rcd1 Qc6 22.g5 Rfe8
23.Bh5 g6 24.Be2 Qc7 25.a4 Bf8 26.Be3 Nd7 27.Bg4 Bxe4 28.Rxf7 Kxf7 29.Nxe4 Qc6
30.Rf1+ Kg8 31.Nf6+ Nxf6 32.gxf6 Rxe3 33.Qxe3 Qc5 34.Be6+ Kh8 35.Qxc5 Rxc5
36.Bd5 Rc7 37.Re1 Rc8 38.f7 Kg7 39.Re8 Rc7 40.Rb8 b5 41.axb5 axb5 42.Rxb5 Re7
43.Rb8 Re3 44.b4 h5 45.b5 h4 46.b6  1-0

[Event "Sportland-NRW-Cup"]
[Site "Senden"]
[Date "1999.??.??"]
[Round "6"]
[White "Espig, Lutz"]
[Black "Jagodzinski, Andreas"]
[Result "1-0"]
[WhiteElo "2420"]
[BlackElo "2195"]

1.Nf3 Nf6 2.c4 c5 3.Nc3 e6 4.g3 b6 5.Bg2 Bb7 6.O-O Be7 7.d4 cxd4 8.Qxd4 d6
9.Rd1 a6 10.b3 Nbd7 11.e4 Qc8 12.Bb2 O-O 13.h3 Re8 14.Nd2 Bf8 15.Qe3 Qc7
16.Re1 Rad8 17.Qe2 Nb8 18.Nf1 Nc6 19.Ne3 Na7 20.Rac1 Qb8 21.Ng4 Nxg4 22.Qxg4 b5
23.cxb5 Nxb5 24.Ne2 d5 25.exd5 exd5 26.a4 Nd6 27.Nf4 Rxe1+ 28.Rxe1 Ne8 29.Nh5 d4
30.Bxb7 Qxb7 31.Rxe8 f5 32.Qxg7+  1-0

[Event "Sevilla op"]
[Site "Sevilla"]
[Date "1999.??.??"]
[Round "1"]
[White "Spraggett, Kevin"]
[Black "Pedraza, M."]
[Result "1-0"]
[WhiteElo "2560"]
[BlackElo "1955"]

1.c4 Nf6 2.Nf3 e6 3.Nc3 c5 4.g3 Be7 5.Bg2 O-O 6.d4 d5 7.cxd5 exd5 8.O-O Nc6
9.Bg5 Be6 10.dxc5 Bxc5 11.Bxf6 Qxf6 12.Nxd5 Qxb2 13.Nc7 Rad8 14.Qc1 Qxc1
15.Raxc1 Be7 16.Nxe6 fxe6 17.Rc2 e5 18.e3 Rd7 19.h4 Rfd8 20.Ng5 Bxg5 21.hxg5 Rd2
22.Rxd2 Rxd2 23.Rb1 Nd8 24.Rb5 Kf8 25.Rxe5 Rxa2 26.Rc5 a5 27.Bxb7 Nxb7 28.Rc8+ Kf7
29.Rc7+ Kg6 30.Rxb7 a4 31.Kg2 a3 32.Ra7 Ra1 33.Kf3 a2 34.Kg4 h5+ 35.Kf4 h4
36.Ra6+ Kf7 37.gxh4 Rh1 38.Rxa2 Rxh4+ 39.Kf5 g6+ 40.Ke5 Rh2 41.Ra7+  1-0

[Event "SVK-chT 9899"]
[Site "SVK"]
[Date "1999.??.??"]
[Round "9"]
[White "Stohl, Igor"]
[Black "Plachetka, Jan"]
[Result "1-0"]
[WhiteElo "2560"]
[BlackElo "2395"]

1.c4 c5 2.Nf3 Nf6 3.Nc3 e6 4.g3 b6 5.Bg2 Bb7 6.O-O Be7 7.d4 cxd4 8.Qxd4 d6
9.b3 O-O 10.Rd1 Nbd7 11.e4 Qb8 12.Ba3 Nc5 13.e5 dxe5 14.Qxe5 Qc8 15.Qe3 Re8
16.Nb5 Nce4 17.Bxe7 Rxe7 18.Ne5 Qb8 19.Qd4 h6 20.f3 Nc5 21.Qd6 Qf8 22.Nxa7 Rxa7
23.Qxb6 Nxb3 24.axb3 Rxa1 25.Rxa1 Qc8 26.Ra7 Nd7 27.Qxb7 Qc5+ 28.Kf1 Nxe5
29.Qxe7 Qd4 30.Ra8+ Kh7 31.Qd8 Qe3 32.Qd1  1-0

[Event "SWE-chT 9899"]
[Site "Sweden"]
[Date "1999.??.??"]
[Round "6"]
[White "Agrest, Evgenij"]
[Black "Ornstein, Axel"]
[Result "1-0"]
[WhiteElo "2525"]
[BlackElo "2430"]

1.c4 c5 2.Nf3 Nf6 3.Nc3 e6 4.g3 b6 5.Bg2 Bb7 6.O-O Be7 7.Re1 d6 8.e4 Nc6
9.d4 cxd4 10.Nxd4 Nxd4 11.Qxd4 O-O 12.b3 Qb8 13.Ba3 Rd8 14.Rad1 Bc6 15.Nd5 Bxd5
16.cxd5 exd5 17.exd5 Bf8 18.Bf1 b5 19.Bb2 a6 20.Bd3 Nd7 21.Kg2 Qa7 22.Qf4 Ne5
23.Bb1 Re8 24.Rc1 Qb7 25.Qd4 Rac8 26.Rxc8 Rxc8 27.f4 Ng6 28.h4 Rc5 29.Be4 h5
30.Qd1 Ne7 31.Bd4 Rc8 32.Qxh5 f5 33.Bf3 Rc2+ 34.Kh3 Rd2 35.Bc3 Rxa2 36.Qg5 Qc7
37.Bxg7  1-0

[Event "SWE-chT 9899"]
[Site "Sweden"]
[Date "1999.??.??"]
[Round "8"]
[White "Cramling, Dan"]
[Black "Aagaard, Jacob"]
[Result "0-1"]
[WhiteElo "2415"]
[BlackElo "2468"]

1.c4 Nf6 2.Nc3 c5 3.Nf3 e6 4.e3 d5 5.d4 cxd4 6.exd4 Bb4 7.cxd5 Nxd5 8.Bd2 Nc6
9.Bd3 O-O 10.O-O Be7 11.a3 Bf6 12.Qc2 h6 13.Be3 Bd7 14.Qd2 Nce7 15.Ne5 Bc6
16.Ne4 Bxe5 17.dxe5 Nxe3 18.Qxe3 Nf5 19.Qe2 Qd5 20.f4 Rfd8 21.Rad1 Qd4+ 22.Nf2 Qxf4
23.Ng4 Qg5  0-1

[Event "SWZ-chT"]
[Site "SWZ"]
[Date "1999.??.??"]
[Round "3"]
[White "Kaenel, Hansjuerg"]
[Black "Bauert, Ralph"]
[Result "1-0"]
[WhiteElo "2402"]
[BlackElo "2265"]

1.Nf3 c5 2.c4 Nf6 3.Nc3 e6 4.g3 b6 5.Bg2 Bb7 6.O-O d6 7.b3 a6 8.d4 cxd4 9.Qxd4 Nbd7
10.Bb2 Be7 11.Rad1 O-O 12.e4 Qc7 13.Rfe1 Rad8 14.Qd2 Rfe8 15.Nd4 Bf8 16.f4 Nc5
17.f5 exf5 18.Nxf5 Nfxe4 19.Nxe4 Bxe4 20.Bxe4 Rxe4 21.Rxe4 Nxe4 22.Qf4 Re8
23.Re1 Qc6 24.Bxg7 Bxg7 25.Qg4 Qc5+ 26.Re3 Qe5 27.Rxe4 Qa1+ 28.Kg2 Rxe4 29.Qxe4 Qxa2+
30.Kh3 Qxb3 31.Nxd6 h6 32.Qe8+ Kh7 33.Qxf7 a5 34.Qf5+ Kg8 35.Qe6+ Kh7 36.Qf5+ Kg8
37.Qf7+ Kh7 38.Nf5 Qc3 39.Ne7 h5 40.Qxh5+ Bh6 41.Qg6+  1-0

[Event "SWZ-chT"]
[Site "SWZ"]
[Date "1999.??.??"]
[Round "5"]
[White "Gheorghiu, Florin"]
[Black "Liardet, Fabrice"]
[Result "1-0"]
[WhiteElo "2450"]
[BlackElo "2308"]

1.Nf3 Nf6 2.c4 c5 3.Nc3 g6 4.e4 d6 5.d4 cxd4 6.Nxd4 Bg7 7.Be2 O-O 8.Be3 Nc6
9.Qd2 Bd7 10.f3 a6 11.O-O Rb8 12.Nb3 Na5 13.Rfd1 Nxb3 14.axb3 a5 15.c5 Be6
16.Bc4 Bxc4 17.bxc4 Rc8 18.cxd6 exd6 19.Nb5 Rxc4 20.Nxd6 Rb4 21.Bc5 Rb3 22.Qc2 Qc7
23.Qxb3 Qxc5+ 24.Kh1 Nh5 25.Rac1 Qf2 26.Rc8 Rxc8 27.Qxf7+ Kh8 28.Nxc8  1-0

[Event "RUS-Cup"]
[Site "Tula "]
[Date "1999.??.??"]
[Round "1"]
[White "Ivanov, Timur"]
[Black "Voitsekhovsky, Stanislav"]
[Result "0-1"]
[WhiteElo "2390"]
[BlackElo "2558"]

1.Nf3 c5 2.c4 Nf6 3.Nc3 b6 4.e4 d6 5.d4 cxd4 6.Nxd4 Bb7 7.Qe2 e6 8.g3 a6
9.Bg2 Be7 10.O-O Qc7 11.Be3 O-O 12.Rac1 Nbd7 13.f4 Rfe8 14.f5 Bf8 15.fxe6 fxe6
16.Bh3 Nc5 17.b4 e5 18.bxc5 exd4 19.Bxd4 Nxe4 20.Nd5 Bxd5 21.cxd5 Ng5 22.Be6+ Nxe6
23.dxe6 bxc5 24.Rf7 Qb6 25.Ba1 c4+ 26.Kg2 Qc6+ 27.Kh3 d5 28.Re1 c3 29.Bxc3 Qxc3
30.e7 Qc8+ 31.Kg2 Kxf7  0-1

[Event "RUS-Cup"]
[Site "Tula "]
[Date "1999.??.??"]
[Round "5"]
[White "Iskusnyh, Sergei"]
[Black "Mchedlishvili, Mikheil"]
[Result "1-0"]
[WhiteElo "2486"]
[BlackElo "2400"]

1.Nf3 c5 2.c4 Nf6 3.Nc3 b6 4.e4 d6 5.d4 cxd4 6.Nxd4 Bb7 7.Qe2 e6 8.g3 a6
9.Bg2 Be7 10.O-O Qc7 11.Be3 O-O 12.Rac1 Nbd7 13.f4 Rfe8 14.g4 Nf8 15.g5 N6d7
16.h4 Bd8 17.h5 Rc8 18.b3 Qb8 19.Qb2 f6 20.h6 g6 21.Rcd1 Qc7 22.Ndb5 axb5
23.Nxb5 Qb8 24.Nxd6 Re7 25.gxf6 Rf7 26.e5 Bxg2 27.Qxg2 Rc7 28.b4 Ra7 29.a4  1-0

[Event "RUS-Cup"]
[Site "Tula "]
[Date "1999.??.??"]
[Round "7"]
[White "Sambuev, Bator"]
[Black "Chuiko, Alexander"]
[Result "0-1"]
[WhiteElo "2409"]
[BlackElo "2318"]

1.Nf3 Nf6 2.c4 c5 3.Nc3 e6 4.g3 b6 5.Bg2 Bb7 6.O-O Be7 7.Re1 d6 8.e4 Nbd7
9.d4 cxd4 10.Nxd4 Qc7 11.Ndb5 Qb8 12.Nd5 exd5 13.exd5 Ne5 14.Bg5 O-O 15.f4 Ng6
16.h4 Re8 17.h5 Nf8 18.Qd4 N8d7 19.h6 Bf8 20.Bh3 Rxe1+ 21.Rxe1 a6 22.Bxd7 Nxd7
23.Re7 axb5 24.Kh2 bxc4 25.a4  0-1

[Event "Mislata op8th"]
[Site "Valencia"]
[Date "1999.??.??"]
[Round "3"]
[White "Gonzalez Aguirre, Luis"]
[Black "Camarena Gimenez, Rufino"]
[Result "1-0"]
[WhiteElo "2137"]
[BlackElo "2329"]

1.c4 Nf6 2.Nf3 c5 3.Nc3 g6 4.g3 Bg7 5.Bg2 O-O 6.d4 cxd4 7.Nxd4 Nc6 8.O-O d6
9.b3 Bd7 10.Bb2 a6 11.Nd5 Nxd5 12.cxd5 Nxd4 13.Bxd4 Bxd4 14.Qxd4 Rc8 15.Qd2 Qb6
16.Rac1 Rxc1 17.Rxc1 Rc8 18.Rxc8+ Bxc8 19.h4 Qc5 20.b4 Qc4 21.Bf3 Bf5 22.a4 f6
23.a5 Qc2 24.Qxc2 Bxc2 25.Kf1 g5 26.hxg5 fxg5 27.Bg4 Bb3 28.e4 Bc4+ 29.Kg2 Kf7
30.Bc8 Ke8 31.Bxb7 Kd8 32.Bc6 Bd3 33.f3 h5 34.Ba4 Be2 35.Kf2 Bd3 36.Bd1 h4
37.gxh4 gxh4 38.Be2 Bc2 39.Bxa6 Ba4 40.Be2 Bd7 41.f4  1-0

[Event "Mislata op8th"]
[Site "Valencia"]
[Date "1999.??.??"]
[Round "9"]
[White "Sanchez Guirado, Francisco"]
[Black "Passoni, Carlo"]
[Result "0-1"]
[WhiteElo "2348"]
[BlackElo "2240"]

1.Nf3 Nf6 2.c4 e6 3.Nc3 c5 4.e3 b6 5.d4 cxd4 6.exd4 d6 7.Bd3 Bb7 8.O-O Be7
9.b3 a6 10.Bb2 Nbd7 11.Re1 O-O 12.Qe2 Re8 13.Rac1 Nf8 14.h3 d5 15.Qe3 Rc8
16.Ne5 N6d7 17.Ne2 Nxe5 18.dxe5 dxc4 19.bxc4 Bc5 20.Qg3 Ng6 21.Red1 Qe7 22.Rb1 Red8
23.Nf4 Qh4 24.Ne2 Qxg3 25.Nxg3 Nf4 26.Be4 Ne2+ 27.Kh2 Bxf2 28.Bxb7 Bxg3+
29.Kh1 Rb8 30.Bxa6 Nf4 31.Bd4 h5 32.c5 bxc5 33.Bxc5 Rxb1 34.Rxb1 Rd2 35.Bf1 Rxa2
36.Be3 Ng6 37.Bd3 Bxe5 38.Kg1 Nh4 39.Bc1 Nf5 40.Bg5 Ra1 41.Rxa1 Bxa1  0-1

[Event "Valles Tancat 3th"]
[Site "Valles Tancat"]
[Date "1999.??.??"]
[Round "?"]
[White "Bravo, Narciso"]
[Black "Hernando Rodrigo, Julio Ant"]
[Result "0-1"]
[WhiteElo "2265"]
[BlackElo "2265"]

1.c4 Nf6 2.Nc3 c5 3.Nf3 b6 4.g3 Bb7 5.Bg2 e6 6.O-O d5 7.cxd5 Nxd5 8.Nxd5 Qxd5
9.b3 Be7 10.Bb2 O-O 11.Qc2 Nc6 12.e4 Qd7 13.Rad1 Nb4 14.Qc3 Bf6 15.e5 Nxa2
16.Qe3 Be7 17.d4  0-1

[Event "FIN-ch"]
[Site "Vammala"]
[Date "1999.??.??"]
[Round "4"]
[White "Molander, Riku"]
[Black "Nyysti, Sampsa"]
[Result "1-0"]
[WhiteElo "2246"]
[BlackElo "2178"]

1.Nf3 c5 2.c4 Nf6 3.Nc3 d5 4.cxd5 Nxd5 5.d4 cxd4 6.Qxd4 Nxc3 7.Qxc3 Nc6 8.e4 e6
9.Bb5 Qb6 10.a4 a6 11.Be3 axb5 12.Bxb6 Bb4 13.Qxb4 Nxb4 14.Rd1 Bd7 15.Ne5 Bc6
16.Nxc6 Nxc6 17.axb5 Ne5 18.O-O O-O 19.Bc7 Nc4 20.b3 Na3 21.b6 Nb5 22.Rd7 Ra3
23.b4 Ra4 24.Bd8 h6 25.Be7 Rb8 26.g3 Ra6 27.Bc5 Nc3 28.Bd6 Rc8 29.Rxb7 Nxe4
30.Bc7 Ra4 31.Rb1 Nc3 32.Ra7 Rxa7 33.bxa7  1-0

[Event "FIN-ch"]
[Site "Vammala"]
[Date "1999.??.??"]
[Round "8"]
[White "Molander, Riku"]
[Black "Keskisarja, Teemu"]
[Result "1/2-1/2"]
[WhiteElo "2246"]
[BlackElo "2313"]

1.Nf3 Nf6 2.c4 e6 3.Nc3 c5 4.g3 b6 5.Bg2 Bb7 6.O-O Be7 7.d4 cxd4 8.Qxd4 d6
9.Rd1 a6 10.b3 Nbd7 11.e4 O-O 12.Ba3 Nc5 13.e5 dxe5 14.Qxd8 Rfxd8 15.Nxe5 Bxg2
16.Kxg2 Bf8 17.Ne2 Nfd7 18.Nxd7 Rxd7 19.Rxd7 Nxd7 20.Bxf8 Kxf8 21.Rd1 Ke7
22.Nd4  1/2-1/2

[Event "JUG-chT"]
[Site "Vrnjacka Banja"]
[Date "1999.??.??"]
[Round "3"]
[White "Mozetic, Dejan"]
[Black "Ostojic, Nikola"]
[Result "1-0"]
[WhiteElo "2442"]
[BlackElo "2419"]

1.c4 Nf6 2.Nc3 e6 3.Nf3 c5 4.e3 Nc6 5.Be2 d5 6.cxd5 exd5 7.d4 a6 8.O-O Bd6
9.dxc5 Bxc5 10.b3 O-O 11.Bb2 Ba7 12.Rc1 Qd6 13.Rc2 Bf5 14.Rd2 Rfd8 15.Qa1 Qf8
16.Rfd1 Be6 17.Qb1 h6 18.h3 Rac8 19.Bd3 d4 20.exd4 Nxd4 21.Nxd4 Bxd4 22.Ne4 Bxb2
23.Qxb2 Nd5 24.Bc4 Nc7 25.Nd6 Rb8 26.Qe5 Bxc4 27.bxc4 Ne6 28.f4 b6 29.f5 Nc5
30.f6 Nd7 31.fxg7 Nxe5 32.gxf8=Q+ Kxf8 33.Rd5 Ng6 34.a4 a5 35.Nf5 Rdc8 36.Nxh6 Rxc4
37.Rf1 Rb7 38.Nf5 Rb8 39.Rfd1 Kg8  1-0